| 000 | 00848nas a2200265 4500 | ||
|---|---|---|---|
| 001 | BR8306432 | ||
| 003 | BR-BrBNA | ||
| 005 | 20231205085728.0 | ||
| 007 | ta | ||
| 008 | 230509b bl.|||p| |||| 00| 00por d | ||
| 040 |
_aBR-BrBNA _bpor _cBiblioteca Nacional de Agricultura |
||
| 041 | _a(Pt) | ||
| 072 | _aL01; E51 | ||
| 100 | 1 | _aCesar, J.S. | |
| 245 | 1 | _aUtilizacao do pe de milho triturado, como cama para aviarios, em diferentes densidades populacionais | |
| 650 | _aMILHO | ||
| 650 | _aCAMA DE GALINHEIRO | ||
| 650 | _aAVIARIO | ||
| 650 | _aFRANGO DE CORTE | ||
| 650 | _aSUBPRODUTO | ||
| 650 | _aFORRAGEM | ||
| 773 | 0 |
_tInforme Agropecuario - Empresa de Pesquisa Agropecuaria de Minas Gerais (Brazil) _xISSN 0100-3364 _g(Nov 1983), v. 9(107) p. 20-23 _wBR8306432 |
|
| 909 |
_a202311 _bLúcia _c55 _dLúcia Elande |
||
| 942 |
_2AGRIS _n0 _cANA |
||
| 999 |
_c113399 _d113399 |
||